书目信息 |
| 题名: |
三枚硬币
|
|
| 作者: | 佚名 著 ;李菲菲 编译 | |
| 分册: | ||
| 出版信息: | 长春 吉林出版集团股份有限公司 2017 |
|
| 页数: | 47页 | |
| 开本: | 23cm | |
| 丛书名: | ||
| 单 册: | ||
| 中图分类: | I525.88 | |
| 科图分类: | ||
| 主题词: | 童话--斯洛伐克--现代--缩写 | |
| 电子资源: | ||
| ISBN: | 978-7-5581-1393-2 | |
| 000 | 00922nam0 2200253 450 | |
| 001 | 012001012343 | |
| 005 | 20141124112231.0 | |
| 010 | @a978-7-5581-1393-2@dCNY27.80 | |
| 100 | @a20181114d2017 cemy0chiy50 ea | |
| 101 | 0 | @achi |
| 102 | @aCN@b220000 | |
| 105 | @aa z 000fy | |
| 106 | @ar | |
| 200 | 1 | @a三枚硬币@Asan mei ying bi@f(斯洛伐)佚名著@g李菲菲编译 |
| 210 | @a长春@c吉林出版集团股份有限公司@d2017 | |
| 215 | @a47页@c彩图@d23cm | |
| 300 | @a经典童话绘本 | |
| 330 | @a可爱善良的小男孩儿杨尼克每天放学后,都会到王宫的垃圾堆去翻一翻。一天他在一件旧衣服里竟然找到了三枚硬币。杨尼克用这三枚硬币分别帮助了狗、猫和小蛇。原来,小蛇是蛇王的儿子,在它的指引下,杨尼克得到了一枚神奇的戒指。 | |
| 606 | 0 | @a童话@y斯洛伐克@z现代@j缩写 |
| 690 | @aI525.88@v5 | |
| 701 | 0 | @c(斯洛伐)@a佚名@Ayi ming@4著 |
| 702 | 0 | @a李菲菲@Ali fei fei@4编译 |
| 801 | 0 | @aCN@b上海新华@c20191020 |
| 905 | @b1178952-5@dI525.88@e13@f4 | |
| 三枚硬币/(斯洛伐)佚名著/李菲菲编译.-长春:吉林出版集团股份有限公司,2017 |
| 47页:彩图;23cm |
| 经典童话绘本 |
| ISBN 978-7-5581-1393-2:CNY27.80 |
| 可爱善良的小男孩儿杨尼克每天放学后,都会到王宫的垃圾堆去翻一翻。一天他在一件旧衣服里竟然找到了三枚硬币。杨尼克用这三枚硬币分别帮助了狗、猫和小蛇。原来,小蛇是蛇王的儿子,在它的指引下,杨尼克得到了一枚神奇的戒指。 |
| ● |
| 相关链接 |
|
|
|
|
正题名:三枚硬币
索取号:I525.88/13
 
预约/预借
| 序号 | 登录号 | 条形码 | 馆藏地/架位号 | 状态 | 备注 |
| 1 | 1178952 | 211789527 | 第一样本阅览室/ [索取号:I525.88/13] | 在馆 | |
| 2 | 1178953 | 211789536 | 教育系资料室/ [索取号:I525.88/13] | 在馆 | |
| 3 | 1178954 | 211789545 | 第二借阅区/ [索取号:I525.88/13] | 在馆 | |
| 4 | 1178955 | 211789554 | 第二借阅区/ [索取号:I525.88/13] | 在馆 |